[Event "OP-2012-0-02262"]
[Site "LSS email"]
[Date "2012.06.25"]
[Round "?"]
[White "Seris Granier Gonzales, Manuel Angel"]
[Black "Pilgram, Kurt"]
[Result "0-1"]
[WhiteElo "1515"]
[BlackElo "1602"]
[PlyCount "36"]
[EventDate "2012.06.20"]
[EventType "tourn (corr)"]
[EventRounds "4"]
[EventCountry "GER"]
[SourceTitle "Telechess CBM 153"]
[Source "ChessBase"]
[SourceDate "2013.03.14"]
[SourceVersion "1"]
[SourceVersionDate "2013.03.14"]
[SourceQuality "1"]

1. e4 c5 2. Nf3 d6 3. d4 cxd4 4. Nxd4 Nf6 5. Nc3 a6 6. Be2 e5 7. Nb3 Be7 8. Be3 Be6 9. f3 0-0 10. 0-0 d5 11. exd5 Nxd5 12. Nxd5 Bxd5 13. Bd3 f5 14. Qe2 Qc7 15. c3 Nd7 16. Rad1 Be6 17. Bf2 Rf6 18. Bc4 Bxc4 0-1

[Event "SC-2012-0-00148"]
[Site "LSS email"]
[Date "2012.06.25"]
[Round "?"]
[White "Seris Granier Gonzales, Manuel Angel"]
[Black "Salonen, Jukka"]
[Result "0-1"]
[WhiteElo "1512"]
[BlackElo "1834"]
[PlyCount "26"]
[EventDate "2012.05.03"]
[EventType "tourn (corr)"]
[EventRounds "6"]
[EventCountry "GER"]
[SourceTitle "Corr 2015"]
[Source "ChessBase"]
[SourceDate "2015.07.17"]
[SourceVersion "1"]
[SourceVersionDate "2015.07.17"]
[SourceQuality "1"]

1. d4 d5 2. c4 e6 3. Nf3 Nf6 4. Nc3 Bb4 5. cxd5 exd5 6. e3 0-0 7. Bd3 c5 8. a3 Bxc3+ 9. bxc3 Nc6 10. 0-0 Bg4 11. Bb2 c4 12. Be2 Ne4 13. a4 Qa5 0-1

[Event "OP-2012-0-02262"]
[Site "LSS email"]
[Date "2012.06.25"]
[Round "?"]
[White "Seris Granier Gonzales, Manuel Angel"]
[Black "Vontina, Maria"]
[Result "0-1"]
[WhiteElo "1515"]
[BlackElo "810"]
[PlyCount "46"]
[EventDate "2012.06.20"]
[EventType "tourn (corr)"]
[EventRounds "4"]
[EventCountry "GER"]
[SourceTitle "Telechess CBM 153"]
[Source "ChessBase"]
[SourceDate "2013.03.14"]
[SourceVersion "1"]
[SourceVersionDate "2013.03.14"]
[SourceQuality "1"]

1. e4 e6 2. d4 d5 3. Nc3 Bb4 4. e5 c5 5. a3 Bxc3+ 6. bxc3 Nc6 7. Be3 Qb6 8. Nf3 cxd4 9. cxd4 Nge7 10. Bd3 Ng6 11. 0-0 a6 12. c4 dxc4 13. d5 Qd8 14. Bxg6 hxg6 15. dxc6 bxc6 16. Qa4 Bd7 17. Bc5 Qc7 18. Qxc4 a5 19. Rab1 Rh5 20. Rfd1 f5 21. Rd6 Kf7 22. Rbd1 Rd8 23. h4 Rhh8 0-1

[Event "SC-2012-0-00143"]
[Site "LSS email"]
[Date "2012.04.25"]
[Round "?"]
[White "Seris Granier Gonzales, Manuel Angel"]
[Black "Kiryushin, Anatoly"]
[Result "0-1"]
[WhiteElo "1514"]
[BlackElo "1754"]
[PlyCount "30"]
[EventDate "2012.03.07"]
[EventType "tourn (corr)"]
[EventRounds "6"]
[EventCountry "GER"]
[SourceTitle "Corr 2015"]
[Source "ChessBase"]
[SourceDate "2015.07.17"]
[SourceVersion "1"]
[SourceVersionDate "2015.07.17"]
[SourceQuality "1"]

1. e4 c5 2. Nf3 d6 3. d4 cxd4 4. Nxd4 Nf6 5. Nc3 g6 6. Be3 Bg7 7. f3 0-0 8. Qd2 Nc6 9. Bc4 Bd7 10. 0-0-0 Qb8 11. h4 b5 12. Bxb5 Nxd4 13. Bxd7 Nxf3 14. gxf3 Nxd7 15. Bh6 Nb6 0-1

[Event "SC-2012-0-00143"]
[Site "LSS email"]
[Date "2012.04.23"]
[Round "?"]
[White "Seris Granier Gonzales, Manuel Angel"]
[Black "Ponting, Andrew"]
[Result "0-1"]
[WhiteElo "1514"]
[BlackElo "1430"]
[PlyCount "22"]
[EventDate "2012.03.07"]
[EventType "tourn (corr)"]
[EventRounds "6"]
[EventCountry "GER"]
[SourceTitle "Corr 2015"]
[Source "ChessBase"]
[SourceDate "2015.07.17"]
[SourceVersion "1"]
[SourceVersionDate "2015.07.17"]
[SourceQuality "1"]

1. e4 c5 2. Nf3 d6 3. d4 cxd4 4. Nxd4 Nf6 5. Nc3 a6 6. Be3 e5 7. Nb3 Be6 8. f3 Be7 9. Qd2 Nbd7 10. g4 0-0 11. 0-0-0 b5 0-1

[Event "BI-2011-F-00006"]
[Site "LSS email"]
[Date "2012.02.12"]
[Round "?"]
[White "Kolanek, Roman"]
[Black "Seris Granier Gonzales, Manuel Angel"]
[Result "1-0"]
[WhiteElo "2089"]
[BlackElo "1515"]
[PlyCount "35"]
[EventDate "2012.02.15"]
[EventType "tourn (corr)"]
[EventRounds "10"]
[EventCountry "GER"]
[SourceTitle "Corr 2015"]
[Source "ChessBase"]
[SourceDate "2015.07.17"]
[SourceVersion "1"]
[SourceVersionDate "2015.07.17"]
[SourceQuality "1"]

1. e4 c5 2. Nf3 d6 3. d4 cxd4 4. Nxd4 Nf6 5. Nc3 a6 6. f4 Qc7 7. f5 b5 8. Be2 Bb7 9. Nd5 Nxd5 10. exd5 Nd7 11. 0-0 g6 12. a4 b4 13. Be3 Bg7 14. Rc1 Nc5 15. c3 Qb6 16. Nc6 b3 17. a5 Qc7 18. Bxc5 1-0

[Event "BI-2011-F-00006"]
[Site "LSS email"]
[Date "2012.02.12"]
[Round "?"]
[White "Llorente Alvarez, Jose Luis"]
[Black "Seris Granier Gonzales, Manuel Angel"]
[Result "1-0"]
[WhiteElo "2097"]
[BlackElo "1515"]
[PlyCount "39"]
[EventDate "2012.02.15"]
[EventType "tourn (corr)"]
[EventRounds "10"]
[EventCountry "GER"]
[SourceTitle "Telechess CBM 165"]
[Source "ChessBase"]
[SourceDate "2015.03.11"]
[SourceVersion "1"]
[SourceVersionDate "2015.03.11"]
[SourceQuality "1"]

1. e4 c5 2. Nf3 d6 3. d4 cxd4 4. Nxd4 Nf6 5. Nc3 a6 6. Bg5 e5 7. Bxf6 Qxf6 8. Nd5 Qd8 9. Nf5 Bxf5 10. exf5 Nd7 11. g3 Be7 12. Bg2 0-0 13. 0-0 Rc8 14. c3 Nf6 15. a4 Nxd5 16. Bxd5 Rc5 17. Bxb7 Qb6 18. Bd5 Qxb2 19. c4 Qb4 20. Rb1 1-0

[Event "WC-2016-P-00009"]
[Site "LSS email"]
[Date "2012.02.12"]
[Round "?"]
[White "Seris Granier Gonzales, Manuel Angel"]
[Black "Dard, Michel"]
[Result "0-1"]
[WhiteElo "1515"]
[BlackElo "2154"]
[PlyCount "56"]
[EventDate "2012.02.15"]
[EventType "tourn (corr)"]
[EventRounds "10"]
[EventCountry "GER"]
[SourceTitle "Telechess CBM 165"]
[Source "ChessBase"]
[SourceDate "2015.03.11"]
[SourceVersion "1"]
[SourceVersionDate "2015.03.11"]
[SourceQuality "1"]

1. d4 Nf6 2. c4 g6 3. Nc3 d5 4. cxd5 Nxd5 5. e4 Nxc3 6. bxc3 Bg7 7. Bc4 c5 8. Nf3 0-0 9. Be3 Nc6 10. Rb1 Bg4 11. 0-0 cxd4 12. cxd4 Nxd4 13. Bxd4 Bxf3 14. Qxf3 Qxd4 15. Bd5 e6 16. Bxb7 Rab8 17. Ba6 Rb4 18. Rxb4 Qxb4 19. Bd3 Rb8 20. Bc2 Qb2 21. Bb3 Rb4 22. g3 a5 23. Rd1 Bd4 24. e5 Rb8 25. Kg2 Bxe5 26. Rd7 Bf6 27. Qc6 Qc3 28. Qd6 Qe5 0-1

[Event "BI-2011-F-00006"]
[Site "LSS email"]
[Date "2012.02.12"]
[Round "?"]
[White "Seris Granier Gonzales, Manuel Angel"]
[Black "Salzmann, Stefan"]
[Result "0-1"]
[WhiteElo "1515"]
[BlackElo "2054"]
[PlyCount "30"]
[EventDate "2012.02.15"]
[EventType "tourn (corr)"]
[EventRounds "10"]
[EventCountry "GER"]
[SourceTitle "Corr 2015"]
[Source "ChessBase"]
[SourceDate "2015.07.17"]
[SourceVersion "1"]
[SourceVersionDate "2015.07.17"]
[SourceQuality "1"]

1. e4 e5 2. Nf3 Nc6 3. Bb5 a6 4. Ba4 Nf6 5. 0-0 Be7 6. Re1 b5 7. Bb3 d6 8. c3 0-0 9. h3 Nb8 10. d4 Nbd7 11. Nbd2 Bb7 12. Bc2 c5 13. Nf1 Re8 14. Ng3 cxd4 15. cxd4 exd4 0-1

[Event "WC-2016-P-00009"]
[Site "LSS email"]
[Date "2012.02.12"]
[Round "?"]
[White "Seris Granier Gonzales, Manuel Angel"]
[Black "Sherwood, Russell"]
[Result "0-1"]
[WhiteElo "1515"]
[BlackElo "2201"]
[PlyCount "56"]
[EventDate "2012.02.15"]
[EventType "tourn (corr)"]
[EventRounds "10"]
[EventCountry "GER"]
[SourceTitle "Telechess CBM 165"]
[Source "ChessBase"]
[SourceDate "2015.03.11"]
[SourceVersion "1"]
[SourceVersionDate "2015.03.11"]
[SourceQuality "1"]

1. d4 d5 2. c4 c6 3. Nc3 Nf6 4. Nf3 e6 5. e3 Nbd7 6. Bd3 dxc4 7. Bxc4 b5 8. Bd3 Bb7 9. 0-0 a6 10. e4 c5 11. d5 Qc7 12. dxe6 fxe6 13. Bc2 c4 14. Ng5 Nc5 15. e5 Qxe5 16. Re1 Qd6 17. Qxd6 Bxd6 18. Be3 0-0 19. Rad1 Be7 20. Bxc5 Bxc5 21. Nxe6 Rfc8 22. Nxc5 Rxc5 23. f3 Kf7 24. Kf2 g6 25. b3 Re8 26. bxc4 Rxe1 27. Rxe1 Rc7 28. Rb1 Bc8 0-1

[Event "BI-2011-F-00006"]
[Site "LSS email"]
[Date "2012.02.12"]
[Round "?"]
[White "Seris Granier Gonzales, Manuel Angel"]
[Black "Vasquez Nigro, Dario Javier"]
[Result "0-1"]
[WhiteElo "1515"]
[BlackElo "2093"]
[PlyCount "28"]
[EventDate "2012.02.15"]
[EventType "tourn (corr)"]
[EventRounds "10"]
[EventCountry "GER"]
[SourceTitle "Corr 2015"]
[Source "ChessBase"]
[SourceDate "2015.07.17"]
[SourceVersion "1"]
[SourceVersionDate "2015.07.17"]
[SourceQuality "1"]

1. d4 Nf6 2. c4 e5 3. dxe5 Ng4 4. Nf3 Bc5 5. e3 Nc6 6. Nc3 0-0 7. Be2 Ngxe5 8. 0-0 Nxf3+ 9. Bxf3 d6 10. b3 Ne5 11. Be2 Bd7 12. Bb2 Re8 13. Nd5 a5 14. a3 c6 0-1

[Event "WC-2016-P-00009"]
[Site "LSS email"]
[Date "2012.02.12"]
[Round "?"]
[White "Sherwood, Russell"]
[Black "Seris Granier Gonzales, Manuel Angel"]
[Result "1-0"]
[WhiteElo "2201"]
[BlackElo "1515"]
[PlyCount "57"]
[EventDate "2012.02.15"]
[EventType "tourn (corr)"]
[EventRounds "10"]
[EventCountry "GER"]
[SourceTitle "Telechess CBM 165"]
[Source "ChessBase"]
[SourceDate "2015.03.11"]
[SourceVersion "1"]
[SourceVersionDate "2015.03.11"]
[SourceQuality "1"]

1. e4 e5 2. Nf3 Nc6 3. Bb5 a6 4. Ba4 Nf6 5. 0-0 Be7 6. Re1 b5 7. Bb3 0-0 8. c3 d5 9. exd5 Nxd5 10. Nxe5 Nxe5 11. Rxe5 Bb7 12. d4 Bf6 13. Re1 Re8 14. Nd2 Nf4 15. Nf3 Bxf3 16. Rxe8+ Qxe8 17. gxf3 Bg5 18. Bxf4 Bxf4 19. Qd3 Qe7 20. Qf5 Bd6 21. h4 Qxh4 22. Bxf7+ Kh8 23. Qh5 Qf6 24. Bd5 g6 25. Qg4 Re8 26. Be4 Kg7 27. Kg2 c5 28. dxc5 Bxc5 29. Rd1 1-0

[Event "SD-2011-0-00107"]
[Site "LSS email"]
[Date "2011.07.16"]
[Round "?"]
[White "Seris Granier Gonzales, Manuel Angel"]
[Black "Casser, Aaron"]
[Result "1-0"]
[WhiteElo "1515"]
[BlackElo "1403"]
[PlyCount "63"]
[EventDate "2011.06.15"]
[EventType "tourn (corr)"]
[EventRounds "6"]
[EventCountry "GER"]
[SourceTitle "Telechess CBM 153"]
[Source "ChessBase"]
[SourceDate "2013.03.14"]
[SourceVersion "1"]
[SourceVersionDate "2013.03.14"]
[SourceQuality "1"]

1. d4 Nf6 2. c4 g6 3. Nc3 d5 4. cxd5 Nxd5 5. e4 Nxc3 6. bxc3 Bg7 7. Nf3 c5 8. Rb1 cxd4 9. cxd4 0-0 10. Be2 Qa5+ 11. Bd2 Qxa2 12. 0-0 a5 13. d5 a4 14. Qc1 b5 15. Rxb5 Ba6 16. Bc4 Bb2 17. Bxa2 Bxc1 18. Rxb8 Rfxb8 19. Rxc1 Rb2 20. Ra1 Rc8 21. Be3 Rcc2 22. Bb1 Rc7 23. h3 Rcb7 24. Nd2 Bb5 25. e5 Rc7 26. Be4 f6 27. d6 exd6 28. Bd5+ Kf8 29. exf6 Rb4 30. Bh6+ Ke8 31. Re1+ Kd8 32. f7 1-0

[Event "SD-2011-0-00107"]
[Site "LSS email"]
[Date "2011.07.15"]
[Round "?"]
[White "Schubert, Kristian"]
[Black "Seris Granier Gonzales, Manuel Angel"]
[Result "1/2-1/2"]
[WhiteElo "1755"]
[BlackElo "1515"]
[PlyCount "69"]
[EventDate "2011.06.15"]
[EventType "tourn (corr)"]
[EventRounds "6"]
[EventCountry "GER"]
[SourceTitle "Telechess CBM 153"]
[Source "ChessBase"]
[SourceDate "2013.03.14"]
[SourceVersion "1"]
[SourceVersionDate "2013.03.14"]
[SourceQuality "1"]

1. e4 c5 2. Nf3 d6 3. d4 cxd4 4. Nxd4 Nf6 5. Nc3 a6 6. Be2 e5 7. Nb3 Be7 8. 0-0 0-0 9. Qd3 Be6 10. Be3 Nbd7 11. Nd5 Bxd5 12. exd5 Nc5 13. Nxc5 dxc5 14. Bf3 Re8 15. Rae1 h6 16. Bd2 Bd6 17. c4 b5 18. g3 Qd7 19. Re2 Qh3 20. b3 Ng4 21. Bxg4 Qxg4 22. Rfe1 Qd7 23. Ba5 Rab8 24. Kg2 f6 25. Rc2 Rb7 26. f3 Qf7 27. Rce2 Reb8 28. Rd2 Qh5 29. Qe4 f5 30. Qc2 b4 31. Rde2 Re8 32. Re3 e4 33. Qe2 Rbe7 34. fxe4 Qg6 35. Qd3 1/2-1/2

[Event "SD-2011-0-00107"]
[Site "LSS email"]
[Date "2011.07.15"]
[Round "?"]
[White "Seris Granier Gonzales, Manuel Angel"]
[Black "Endean, Andrew"]
[Result "1/2-1/2"]
[WhiteElo "1515"]
[BlackElo "1642"]
[PlyCount "86"]
[EventDate "2011.06.15"]
[EventType "tourn (corr)"]
[EventRounds "6"]
[EventCountry "GER"]
[SourceTitle "Telechess CBM 153"]
[Source "ChessBase"]
[SourceDate "2013.03.14"]
[SourceVersion "1"]
[SourceVersionDate "2013.03.14"]
[SourceQuality "1"]

1. e4 e5 2. Nf3 Nf6 3. Nxe5 d6 4. Nf3 Nxe4 5. d4 d5 6. Bd3 Nc6 7. 0-0 Be7 8. c4 Nb4 9. Be2 0-0 10. Nc3 Bf5 11. a3 Nxc3 12. bxc3 Nc6 13. Re1 Re8 14. cxd5 Qxd5 15. Bf4 Rac8 16. Bd3 Qd7 17. Rb1 b6 18. Bb5 Bxb1 19. Qxb1 Bf6 20. Rd1 Qg4 21. Bg3 Ne7 22. Bxe8 Rxe8 23. Re1 Qd7 24. Qe4 c6 25. h3 h6 26. Nh2 Bg5 27. Nf3 Bf6 28. a4 c5 29. dxc5 bxc5 30. Ne5 Qe6 31. Qb7 Rd8 32. f3 Qd5 33. Qxa7 Nf5 34. c4 Qe6 35. Bf4 Bh4 36. Rf1 g5 37. Bh2 f6 38. Qc7 Re8 39. Nd7 Re7 40. Qd8+ Kg7 41. Nb6 Qe3+ 42. Kh1 Qe2 43. Rb1 Qe1+ 1/2-1/2

[Event "BI-2011-P-00032"]
[Site "LSS email"]
[Date "2011.04.17"]
[Round "?"]
[White "Krupa, Bartlomiej"]
[Black "Seris Granier Gonzales, Manuel Angel"]
[Result "1/2-1/2"]
[WhiteElo "2170"]
[BlackElo "1691"]
[PlyCount "103"]
[EventDate "2011.04.20"]
[EventType "tourn (corr)"]
[EventRounds "10"]
[EventCountry "GER"]
[SourceTitle "Telechess CBM 157"]
[Source "ChessBase"]
[SourceDate "2013.11.12"]
[SourceVersion "1"]
[SourceVersionDate "2013.11.12"]
[SourceQuality "1"]

1. e4 c5 2. Nf3 d6 3. d4 cxd4 4. Nxd4 Nf6 5. Nc3 a6 6. Be3 e6 7. f3 b5 8. g4 b4 9. Nce2 e5 10. Nb3 h6 11. Qd2 a5 12. c4 a4 13. Nbc1 Nc6 14. Ng3 Be6 15. Be2 h5 16. g5 Nd7 17. Nf5 Qc7 18. Bf2 g6 19. Ne3 Nd4 20. Rb1 b3 21. Nd5 Bxd5 22. cxd5 Nxe2 23. Qxe2 Be7 24. Be3 Qa5+ 25. Qd2 bxa2 26. Nxa2 Bd8 27. Qxa5 Bxa5+ 28. Ke2 Ke7 29. Rhc1 Rhc8 30. b4 axb3 31. Rxb3 Rab8 32. Ra3 Rxc1 33. Bxc1 Bd8 34. Bd2 Rb2 35. Nb4 Nb6 36. Ra7+ Ke8 37. Ra2 Rxa2 38. Nxa2 Nc4 39. Bc1 Bb6 40. Kd3 Na5 41. Nc3 Kd7 42. Nb5 Bg1 43. h3 Bb6 44. Bd2 Bd8 45. Na3 Nb3 46. Be3 Na5 47. Nb1 Nb7 48. Nc3 f6 49. gxf6 Bxf6 50. Na4 Nd8 51. Nb6+ Kc7 52. Ke2 1/2-1/2